00282nam a2200109Ia 450000500170000000800410001710000220005824500550008026000130013530000110014865000130015920260328104329.0260328s9999||||xx |||||||||||||| ||und|| aKandinsky, Vasili 0aPunto y Línea sobre el Plano /cVasili Kandinsky bPaidós a158 p. aHISTORIA